| 000 | 00833nam-a2200193-a-4500 | ||
|---|---|---|---|
| 001 | YSU0128845 | ||
| 003 | AM-YeHGA | ||
| 005 | 20250617161229.0 | ||
| 008 | 990916s1968 xxu 000 0 rus u | ||
| 040 | _aAM-YeHGA | ||
| 100 | 1 | 0 | _aРжаникова, Лариса Николаевна |
| 245 | 1 | 0 |
_aПалинологическая характеристика палеогена и неогена Зайсанской впадины / _cЛ.Н. Ржаникова |
| 260 | 0 |
_aАлма-Ата : _bНаука. КазССР _c1968. |
|
| 300 | _a223 с. | ||
| 550 | _aАН КазССР. Ордена Трудового Красного Знамени ин-т геологических наук им. К.И. Сатпаева | ||
| 650 | 4 | _aПалеоген и неоген | |
| 650 | 4 | _aПалинология | |
| 090 | _c470962 | ||
| 999 |
_c467732 _d467732 |
||